|
|
|
|
| LEADER |
00874nam a2200205 a 4500 |
| 001 |
4609 |
| 008 |
130630t19671963nyu 000 0 eng d |
| 010 |
|
|
|a 63012166
|
| 040 |
|
|
|a DLC
|c NBmK
|d OCoLC
|d DLC
|d BD-DhAAL
|
| 082 |
|
|
|a 190
|
| 100 |
1 |
|
|a Macquarrie, John.
|
| 245 |
1 |
0 |
|a Twentieth-century religious thought :
|b the frontiers of philosophy and theology, 1900-1960 /
|c John Macquarrie.
|
| 260 |
|
|
|a New York :
|b Harper & Row ;
|a London :
|b SCM Press Ltd.,
|c 1963 [2nd impression].
|
| 300 |
|
|
|a 391 p. ;
|c 22 cm.
|
| 541 |
|
|
|e 4609
|
| 650 |
|
0 |
|a Philosophy, Modern
|y 20th century.
|
| 650 |
|
0 |
|a Religious thought
|y 20th century.
|
| 852 |
1 |
|
|a Ayesha Abed Library
|j General shelf.
|
| 999 |
|
|
|c 13637
|d 13637
|
| 952 |
|
|
|0 0
|1 0
|2 ddc
|4 0
|6 190_000000000000000_MAC
|7 0
|9 22833
|a BRACUL
|b BRACUL
|c GEN
|d 2013-06-30
|g 0.00
|l 2
|m 5
|o 190 MAC
|p 3010004609
|r 2025-05-21
|s 2025-05-21
|t 1
|w 2013-06-30
|y BK
|z Not price in Register
|